| 000 | 01014nam a2200253Ia 4500 | ||
|---|---|---|---|
| 001 | 15787 | ||
| 003 | AR-BaAGN | ||
| 005 | 20231117141256.0 | ||
| 007 | ta | ||
| 008 | 211213s1949 ag |||||||||||||| ||spa d | ||
| 040 |
_dAR-BaAGN _bspa _eaacr _aAR-BaAGN |
||
| 100 |
_aBaldassarre, Pedro B., _d1890- _95707 |
||
| 245 | 1 | 0 |
_aLos derechos del habitante : _bante una doctrina económica - política - social universal / _cpor el becario de la Comisión Nacional de Cultura Dr. Pedro B. Baldassarre. |
| 260 |
_aBuenos Aires : _bEl Ateneo , _c1949. |
||
| 300 | _a483 páginas | ||
| 336 |
_2rdacontent _btxt |
||
| 337 |
_2rdamedia _bn |
||
| 338 |
_2rdacarrier _bnc |
||
| 500 | _aEjemplar BJDP 1442 edición especial para Juan Domingo Perón autografiado por el autor. | ||
| 500 | _aEjemplar BJDP 1442 edición especial para María Eva Duarte de Perón dedicado y autografiado por el autor. | ||
| 500 | _aEdición auspiciada y sustentada por la Confederación de Intelectuales. | ||
| 942 |
_cLIBRO _n0 |
||
| 999 |
_c15787 _d15787 |
||